| 000 | 01210nam a2200265Ia 4500 | ||
|---|---|---|---|
| 999 |
_c53518 _d53518 |
||
| 001 | 20564 | ||
| 003 | GE_BSU | ||
| 005 | 20210220230005.0 | ||
| 008 | 181216s2016||||ge |||||||||||||| ||geo|| | ||
| 020 | _a9789941243202 | ||
| 040 | _cGE_BSU | ||
| 041 | _ageo | ||
| 080 | _a087.5:912(100) ი-22 | ||
| 100 |
_aიანტბელიძე, კოტე _910169 |
||
| 245 |
_aმსოფლიო ატლასი : პაზლებიანი წიგნი : _bააწყვე 6 კონტინენტი პაზლებით / _cკოტე იანტბელიძე ; მხატვარი ზურაბ ნიკოლაიშვილი. |
||
| 264 |
_aთბილისი : _bპალიტრა L, _c2016. |
||
| 300 |
_a14 გვ. : _bილ. ; _c 27 სმ. |
||
| 541 | _h14ლ.20თ. | ||
| 653 | _aმსოფლიო ატლასი | ||
| 653 | _a პაზლებიანი წიგნი | ||
| 653 | _aააწყვე 6 კონტინენტი პაზლებით | ||
| 653 | _aსაბავშვო | ||
| 700 |
_aნიკოლაიშვილი, ზურაბ _eმხატვარი _910170 |
||
| 942 |
_cBK _2udc |
||